| 000 | 00918nam a22002655a 4500 | ||
|---|---|---|---|
| 005 | 20161117150726.0 | ||
| 008 | 161030s2008 enka frb 001 0 eng d | ||
| 020 | _a9780273718383 | ||
| 040 |
_aEG-ScBUE _beng _cEG-ScBUE _dEG-ScBUE |
||
| 082 | 0 | 4 |
_a658.11 _bSTE _222 |
| 100 | 1 | _aSteinhouse, Robbie. | |
| 245 | 1 | 0 |
_aThink like an entrepreneur : _byour psychological toolkit for success / _cRobbie Steinhouse, Chris West. |
| 260 |
_aHarlow : _bPrentice Hall, _c2008. |
||
| 300 |
_axiv, 188 p. : _bill. ; _c24 cm. |
||
| 500 | _aIndex : p. 181-188. | ||
| 500 | _aAppendix: p. 163-174. | ||
| 504 | _aIncludes bibliographical references | ||
| 590 | _aSuzan Ashmawy ; revised by Fouad. | ||
| 650 | 7 |
_aNew business enterprises _xManagement. _2BUEsh |
|
| 650 | 7 |
_aEntrepreneurship _xPsychological aspects. _2BUEsh _919484 |
|
| 651 | _2BUEsh | ||
| 653 |
_bBUSECO _cOctober2016 |
||
| 700 | 1 | _aWest, Chris. | |
| 942 | _2ddc | ||
| 999 |
_c22911 _d22883 |
||